| 000 | 00512nam a22001937a 4500 | ||
|---|---|---|---|
| 003 | CEME | ||
| 005 | 20210628203036.0 | ||
| 008 | 210216b xxu||||| |||| 00| 0 eng d | ||
| 020 | _a0-07-136270-3 | ||
| 040 | _c. | ||
| 082 | _a621.3815 CAT | ||
| 100 |
_aCathey, Jimmie.J _925030 |
||
| 245 | _aTheory and problems of electronic devices and circuits | ||
| 250 | _a2ND | ||
| 260 |
_aNEW YORK _bMCGRAW HILL _c2002 |
||
| 300 | _aVII,309P | ||
| 650 |
_aELECTRONIC DEVICES AND CIRCUITS _956104 |
||
| 942 |
_cBK _2ddc |
||
| 999 |
_c571938 _d571938 |
||